Development of Islamic and society (Record no. 416872)

000 -LEADER
fixed length control field 00419cam a22001337a 4500
008 - FIXED-LENGTH DATA ELEMENTS--GENERAL INFORMATION
fixed length control field 180718b1956 xxu||||| |||| 00| 0 eng d
082 ## - DEWEY DECIMAL CLASSIFICATION NUMBER
Classification number AB7 Si13d
100 ## - MAIN ENTRY--PERSONAL NAME
Personal name Siddiqi, M. Mazheruddin
245 ## - TITLE STATEMENT
Title Development of Islamic and society
Statement of responsibility, etc. by M Mazheruddin Siddiqi
260 ## - PUBLICATION, DISTRIBUTION, ETC.
Place of publication, distribution, etc. Lahore
Name of publisher, distributor, etc. Institute Of Islamic Culture
Date of publication, distribution, etc. 1956
300 ## - PHYSICAL DESCRIPTION
Extent viii, 413p
650 ## - SUBJECT ADDED ENTRY--TOPICAL TERM
Topical term or geographic name entry element Islamic countries -History
650 ## - SUBJECT ADDED ENTRY--TOPICAL TERM
Topical term or geographic name entry element Civilization, Islamic
Holdings
Withdrawn status Lost status Damaged status Not for loan Permanent Location Current Location Date acquired Full call number Barcode Date last seen Price effective from Koha item type
        Indian Institute of Public Administration Indian Institute of Public Administration 2009-03-19 AB7 Si13d 31765 2018-07-21 2018-07-21 Book

Powered by Koha